Ernesto /

সংরক্ষণ করুন:
গ্রন্থ-পঞ্জীর বিবরন
প্রধান লেখক: Saba, Umberto
বিন্যাস: গ্রন্থ
ভাষা:ইতালিয়
প্রকাশিত: Torino : Einaudi, 1979
সংস্করন:2. ed.
মালা:Nuovi coralli ; 219
ট্যাগগুলো: ট্যাগ যুক্ত করুন
কোনো ট্যাগ নেই, প্রথমজন হিসাবে ট্যাগ করুন!

MARC

LEADER 00000nam a22000007i 4500
001 IT\ICCU\CSA\0151599
003 ItRI
005 20250222222225.0
008 170606s1979 it |||||| ||||| |||||c
040 |b ita  |c ARCIGAY RIMINI 
041 7 |a ita  |2 ISO-639-2 
100 1 |a Saba, Umberto  |0 IT\ICCU\CFIV\005845 
240 1 0 |a Ernesto  |9 Saba, Umberto 
245 1 0 |a Ernesto /  |c Umberto Saba. 
250 |a 2. ed.  
260 |a Torino :  |b Einaudi,  |c 1979 
300 |a 162 p. ;  |c 20 cm. 
830 0 |a Nuovi coralli ;  |v 219  |0 IT\ICCU\CFI\0000684 
942 |2 ddc  |c BK 
952 |0 0  |1 0  |2 ddc  |4 0  |6 853_914000000000000_SAB_ERN  |7 1  |9 3378  |a RN  |b RN  |d 2025-02-22  |l 0  |o 853.914 SAB ERN  |p 10637  |r 2025-02-22 22:22:57  |w 2025-02-22  |x DONAZIONE DI GIOVANNI RIMONDINI  |y BK  |z DONAZIONE DI GIOVANNI RIMONDINI 
952 |0 0  |1 0  |2 ddc  |4 0  |6 853_914000000000000_SAB_ERN  |7 0  |9 4195  |a AN  |b AN  |d 2025-05-04  |l 0  |o 853.914 SAB ERN  |p 11372  |r 2025-05-04 14:43:56  |w 2025-05-04  |y BK 
981 1 |6 z01  |a i   |b xxxe  
982 1 |6 z01  |a n 
999 |c 2679  |d 2679